Score 0/10 Timer 01:30
0 Plays Today
% Correct
Starting Pokémon offered to new trainers
70.9%
Pokémon in a party
70.1%
HP an Oran Berry heals
69.7%
Badges in a single video game region
67.5%
Number of moves each Pokémon can know at one time
63.9%
Forms of Giratina
59.1%
Generations of Pokémon video games
58.7%
Pure Flying-type Pokémon
56.7%
Trainers to battle in the regional Pokémon League Championship
52.4%
Named islands in the Sevii Islands archipelago
46.3%

Today's Daily Dose

You're not logged in!

Compare scores with friends on all Sporcle quizzes.
OR
Log In

Sporcle TV

Today on Sporcle TV


Watch our educational content, quiz creation guides, and fun videos on Sporcle TV.

Show Comments

Extras

Top Quizzes Today


Score Distribution

Paid Content

Your Account Isn't Verified!

In order to create a playlist on Sporcle, you need to verify the email address you used during registration. Go to your Sporcle Settings to finish the process.

Report this User

Report this user for behavior that violates our Community Guidelines.

Details: